Nhân học Một quan điểm về tình trạng nhân sinh,Tài liệu tham khảo nội bộ

Đã lưu trong:
書目詳細資料
主要作者: EMILY A SCHULTZ
格式: 圖書
語言:Undetermined
出版: Hà Nội Chính Trị Quốc Gia 2001
主題:
標簽: 添加標簽
沒有標簽, 成為第一個標記此記錄!
Thư viện lưu trữ: Trung tâm Học liệu Trường Đại học Cần Thơ
LEADER 00648nam a2200181Ia 4500
001 CTU_47194
008 210402s9999 xx 000 0 und d
082 |a 305.8 
082 |b S387 
100 |a EMILY A SCHULTZ 
245 0 |a Nhân học 
245 0 |b Một quan điểm về tình trạng nhân sinh,Tài liệu tham khảo nội bộ 
245 0 |c EMILY A SCHULTZ,Robert H. Lavenda,Phan Ngọc Chiến,Hồ Liên Biện 
260 |a Hà Nội 
260 |b Chính Trị Quốc Gia 
260 |c 2001 
650 |a ethnology,lifestyles,manners and customs 
980 |a Trung tâm Học liệu Trường Đại học Cần Thơ